| 000 | 00517nam a2200217Ia 4500 | ||
|---|---|---|---|
| 003 | LK-CoDNM | ||
| 005 | 20240321145849.0 | ||
| 008 | 010623t1957 xxu||||| |||| 00| 1 sin d | ||
| 040 |
_aLK-CoDNM _dLK-CoDNM _eLK-CoDNM |
||
| 041 | _asin | ||
| 080 | _aඊ23 | ||
| 245 | _aරසවාහිනි | ||
| 246 | _aRasavahini | ||
| 260 |
_bTimes of Ceylon _aColombo _c1957 |
||
| 300 |
_bDamaged _a128p.,24 cm |
||
| 650 | _aAlphabet | ||
| 650 | _aMoon | ||
| 650 | _aRambutan | ||
| 650 | _aRig Veedaya | ||
| 942 | _cBK | ||
| 999 |
_c104543 _d104543 |
||